Pays par image n°4 - Statistiques

Statistiques générales
  • Ce quiz a été pris 10 776 fois
  • Le résultat moyen est 8 sur 15
Statistiques - réponses
Par images Réponse % Correct
Grèce
99%
Corée du Nord
94%
Italie
92%
Maroc
73%
Népal
70%
Chine
69%
Birmanie
43%
Belgique
40%
Soudan
38%
Mali
37%
Portugal
37%
Mexique
28%
Monaco
28%
Pakistan
19%
Sri Lanka
14%
Aucun quiz correspondant
Distribution des résultats
% des personnes avec chaque résultat
Percentile par nombre de réponses
Votre historique - résultats
Vous n’avez pas pris ce quiz